000 00197 a2200109 4500
020 _a9780060832810
041 _aeng
100 _acoelho,paulo
245 _athe zahir
942 _cBK
952 _71
999 _c19061
_d19061